Atelier Remy Bucciali/ (Record no. 2458)

MARC details
000 -LEADER
campo de control de longitud fija 00477nam a22001697a 4500
003 - IDENTIFICADOR DE NÚMERO DE CONTROL
campo de control OSt
005 - FECHA Y HORA DE LA ÚLTIMA TRANSACCIÓN
campo de control 20221031211605.0
008 - DATOS DE LONGITUD FIJA--INFORMACIÓN GENERAL
campo de control de longitud fija 221006b |||||||| |||| 00| 0 eng d
040 ## - FUENTE DE CATALOGACIÓN
Centro/agencia transcriptor Biblioteca Lado V
082 ## - NÚMERO DE LA CLASIFICACIÓN DECIMAL DEWEY
Número de ítem A864a
Número de clasificación 750
130 ## - ENTRADA PRINCIPAL--TÍTULO UNIFORME
Título uniforme Atelier Remy Bucciali
Lenguaje de la obra frc
245 ## - MENCIÓN DEL TÍTULO
Título Atelier Remy Bucciali/
260 ## - PUBLICACIÓN, DISTRIBUCIÓN, ETC.
Nombre del editor, distribuidor, etc. Galerie AMC Mulhouse
Lugar de publicación, distribución, etc. Francia
300 ## - DESCRIPCIÓN FÍSICA
Extensión 69p.
Dimensiones 15x22cm
700 ## - ENTRADA AGREGADA--NOMBRE PERSONAL
Nombre de persona Hlavajova, Maria
Término indicativo de función/relación editor
942 ## - ELEMENTOS DE ENTRADA SECUNDARIOS (KOHA)
Fuente del sistema de clasificación o colocación Clasificación Decimal Dewey
Tipo de ítem Koha Libros
Parte de la signatura que corresponde a la clasificación (Parte de la clasificación) 750
Parte de la signatura que identifica el ejemplar (Parte del ítem) A864a
Suprimir en OPAC No
Holdings
Estatus retirado Estado de pérdida Fuente del sistema de clasificación o colocación Estado de daño No para préstamo Biblioteca de origen Biblioteca actual Fecha de adquisición Número de inventario Total de préstamos Signatura topográfica completa Código de barras Visto por última vez Precio de reemplazo Tipo de ítem Koha
    Clasificación Decimal Dewey     Biblioteca LadoV Biblioteca LadoV 31/10/2022 001301   750 A864a 001301 31/10/2022 31/10/2022 Libros